000
00307cam a22001217a 4500
008
180718b1961 xxu||||| |||| 00| 0 eng d
082
_a
B234x54 Sa48
100
_a
Sampurnand
245
_a
Indian socialism
_c
by Sampurnand
260
_a
Bombay
_b
Asia
_c
1961
300
_a
x, 131p
650
_a
Socialism --India.
999
_c
420459
_d
420459